000 00910nam a2200241Ia 4500
008 140224s9999 xx 000 0 und d
020 _a9780753405109
050 _aTL 547
_b.M443 2007
100 _aMaynard, Chris
245 _aI wonder why planes have wings and other questions about transport :
_band other questions about transport /
_cChris Maynard.
260 _aLondon :
_bKingfisher Publications Plc,
_cc2007.
300 _a32 p :
_bcol. ill. ;
_c29 cm.
440 _aI wonder why.
650 _aAeronautics
_xMiscellanea -- Juvenile literature.
650 _aMotor vehicles
_xMiscellanea -- Juvenile literature.
650 _aQuestions and answers.
650 _aShips
_xMiscellanea -- Juvenile literature.
650 _aTransportation
_xMiscellanea -- Juvenile literature.
650 _aTransportation
_xMiscellanea.
650 _aVehicles
_xMiscellanea.
942 _cBK
999 _c42366
_d42366